000 01028nam a22002657a 4500
999 _c65957
_d65957
005 20240530110851.0
008 200912s2018 ua a f b 000 0dara d
017 _a2016/17832
_bمصر. دار الكتب
020 _a9789779207858
040 _aEG-CaGPL
_cEG-CaGPL
082 0 4 _221
_a963\
_bأ ت
100 1 _aاديجوموبى ، ساهيد
245 1 0 _aتاريخ اثيوبيا /
_bتاليف ساهيد اديجوموبى ؛ ترجمة مصطفى مجدى الجمال
250 _aط.1
260 _aالقاهرة :
_bالمركز القومى للترجمة ،
_c2018
300 _a291 ص. ؛
_c24 سم.
490 0 _aالمركز القومى للترجمة ؛
_v2996
504 _aيشتمل على ارجاعات ببليوجرافية
650 _2qrmak
651 0 7 _aاثيوبيا
_xتاريخ
_2qrmak
651 0 7 _aاثيوبيا
_xوصف ورحلات
_2qrmak
700 0 _aمصطفى مجدى الجمال
_eمترجم
942 _2ddc
_cBK